NCAA Nickname by Animal Click Quiz Stats

 Plays Quiz Updated May 17, 2019

Support Sporcle.
Go Orange.
Score 0/20 Timer 02:00
1 Play Today
% Correct
Cardinals
87.4%
Gators
87%
Badgers
81.7%
Beavers
78.9%
Terrapins
77.3%
Bruins
76.8%
Gamecocks
76.8%
Huskies
75.7%
Horned Frogs
75.6%
Rams
75.4%
% Correct
Owls
74.9%
Yellowjackets
73.6%
Tigers
70.9%
Bulldogs
68.9%
Longhorns
68.6%
Cougars
62.9%
Bulls
62.2%
Broncos
57.8%
Golden Eagles
49.8%
Jaguars
47.6%

From the Vault

Not the Main Character (TV Edition)

by BigAl1994

You need your fair share of quirks if you're going to be a minor character on a famous TV show.
Remove Ads.
Support Sporcle.
Get the best of Sporcle when you Go Orange. This ad-free experience offers more features, more stats, and more fun while also helping to support Sporcle. Thank you for becoming a member.

Show Comments

Extras

Top Quizzes Today


Score Distribution

Your Account Isn't Verified!

In order to create a playlist on Sporcle, you need to verify the email address you used during registration. Go to your Sporcle Settings to finish the process.

Report this User

Report this user for behavior that violates our Community Guidelines.

Details: